Epic poems by date of composition - Statistics

General Stats
  • This quiz has been taken 33 times
  • The average score is 7 of 18
Answer Stats
Date Language Answer % Correct
8th century BCE Ancient Greek Iliad
93%
8th century BCE Ancient Greek Odyssey
93%
700-1000 CE Old English Beowulf
78%
29-19 BCE Latin Aeneid
63%
1321 Italian Divine Comedy
63%
1667 English Paradise Lost
63%
2100 BCE Various Epic of Gilgamesh
56%
11th century Old French Song of Roland
37%
1849 Finnish Kalevala
30%
3rd century BCE Sanskrit Mahabharata
30%
8 CE Latin Metamorphoses
30%
1485 Middle English Le Morte d'Arthur
26%
8th-10th century Old Norse Poetic Edda
19%
7th century BCE Sanskrit Ramayana
19%
8th century BCE Ancient Greek Theogony
15%
13th century Middle High German Nibelunglied
11%
1140-1207 Old Spanish El Cantar de mio Cid
7%
1818 English Endymion
7%
No matching quizzes found
Score Distribution
Percent of People with Each Score
Percentile by Number Answered
Your Score History
You have not taken this quiz